Scarcity and growth : (Record no. 201220)
[ view plain ]
| 000 -LEADER | |
|---|---|
| fixed length control field | 01143nam a2200325 a 4500 |
| 001 - CONTROL NUMBER | |
| control field | vtls000194497 |
| 003 - CONTROL NUMBER IDENTIFIER | |
| control field | NLI |
| 005 - DATE AND TIME OF LATEST TRANSACTION | |
| control field | 20210602113227.0 |
| 008 - FIXED-LENGTH DATA ELEMENTS--GENERAL INFORMATION | |
| fixed length control field | 101125s1963 wau 001 0 eng |
| 020 ## - INTERNATIONAL STANDARD BOOK NUMBER | |
| Terms of availability | USD 5.50 |
| 039 #9 - LEVEL OF BIBLIOGRAPHIC CONTROL AND CODING DETAIL [OBSOLETE] | |
| -- | 201011252314 |
| -- | VLOAD |
| 040 0# - CATALOGING SOURCE | |
| Original cataloging agency | NLI |
| Language of cataloging | eng |
| Transcribing agency | Datasoft 1 |
| Description conventions | AACR2 |
| 041 0# - LANGUAGE CODE | |
| Language code of text/sound track or separate title | eng |
| 044 ## - COUNTRY OF PUBLISHING/PRODUCING ENTITY CODE | |
| MARC country code | wau |
| 082 04 - DEWEY DECIMAL CLASSIFICATION NUMBER | |
| Classification number | 333 |
| 100 1# - MAIN ENTRY--PERSONAL NAME | |
| Personal name | Barnett, Harold J. |
| 9 (RLIN) | 375664 |
| 245 10 - TITLE STATEMENT | |
| Title | Scarcity and growth : |
| Remainder of title | the economics of natural resource availability / |
| Statement of responsibility, etc. | by Harold J. Barnett and Chandler Morse |
| 260 ## - PUBLICATION, DISTRIBUTION, ETC. | |
| Place of publication, distribution, etc. | [Washington] : |
| Name of publisher, distributor, etc. | Published for Resources for the Future by Johns Hopkins Press, Baltimore, |
| Date of publication, distribution, etc. | 1963 |
| 300 ## - PHYSICAL DESCRIPTION | |
| Extent | xv, 288 p. ; |
| Dimensions | 24 cm. |
| 500 ## - GENERAL NOTE | |
| General note | Includes index |
| 650 #0 - SUBJECT ADDED ENTRY--TOPICAL TERM | |
| Topical term or geographic name entry element | Natural resources |
| 9 (RLIN) | 39898 |
| 700 1# - ADDED ENTRY--PERSONAL NAME | |
| Personal name | Morse, Chandler, |
| Relationship | jt. aut |
| 9 (RLIN) | 375665 |
| 710 2# - ADDED ENTRY--CORPORATE NAME | |
| Corporate name or jurisdiction name as entry element | Resources for the Future, Washington, D. C. |
| 9 (RLIN) | 132677 |
| 887 ## - NON-MARC INFORMATION FIELD | |
| Content of non-MARC field | |
| 901 ## - LOCAL DATA ELEMENT A, LDA (RLIN) | |
| a | 360157 |
| b | 31.1.1964 |
| 902 ## - LOCAL DATA ELEMENT B, LDB (RLIN) | |
| a | E 333 B 264 |
| 942 ## - ADDED ENTRY ELEMENTS (KOHA) | |
| Source of classification or shelving scheme | Dewey Decimal Classification |
| Koha item type | Books |
| 949 ## - LOCAL PROCESSING INFORMATION (OCLC) | |
| -- | VIRTUAITEM |
| -- | 10000 |
| -- | 100 |
| 6 | PUR000360157ENG |
| Withdrawn status | Lost status | Damaged status | Not for loan | Collection code | Home library | Current library | Shelving location | Date acquired | Total Checkouts | Full call number | Barcode | Date last seen | Price effective from | Koha item type |
|---|---|---|---|---|---|---|---|---|---|---|---|---|---|---|
| New English | National Library of India | National Library of India | New English - Main Stack Division | E 333 B 264 | PUR000360157ENG | 02/06/2021 | 02/06/2021 | Books |
